BIBLIOTECA PODER JUDICIAL
Portal Judicial TDF

La entrega directa de niñas y niños y la prohibición del art. 611 del Cód. Civ. y Com. Los tiempos de la justicia y la tutela judicial efectiva / (Registro nro. 5303)

000 -LEADER
fixed length control field 01520nab a22002657a 4500
003 - CONTROL NUMBER IDENTIFIER
control field OSt
005 - DATE AND TIME OF LATEST TRANSACTION
control field 20250217204201.0
008 - FIXED-LENGTH DATA ELEMENTS--GENERAL INFORMATION
fixed length control field 190603e xxum|||| |||| 00| 0 spa d
040 ## - CATALOGING SOURCE
Transcribing agency PJ-TDF
100 ## - MAIN ENTRY--PERSONAL NAME
9 (RLIN) 5371
Personal name Mendoza, Elena
245 13 - TITLE STATEMENT
Title La entrega directa de niñas y niños y la prohibición del art. 611 del Cód. Civ. y Com. Los tiempos de la justicia y la tutela judicial efectiva /
Statement of responsibility, etc Elena Mendoza.
260 ## - PUBLICATION, DISTRIBUTION, ETC. (IMPRINT)
Date of publication, distribution, etc Ciudad Autónoma de Buenos Aires :
Place of publication, distribution, etc Thomson Reuters La Ley,
Name of publisher, distributor, etc 2023.
300 ## - PHYSICAL DESCRIPTION
Extent p. 144-148
500 ## - GENERAL NOTE
General note Cita: TR LALEY AR/DOC/2038/2023.
505 ## - FORMATTED CONTENTS NOTE
Formatted contents note Sumario: I. Reseña del fallo.— II. Interés superior del niño. Fundamento de la sentencia de la Corte Suprema de Justicia. La entrega directa de niñas y niños. Prohibición del art. 611 del Cód. Civ. y Com.— III. Derechos de niñas, niños y adolescentes. Los plazos de los tribunales y la tutela judicial efectiva.
505 ## - FORMATTED CONTENTS NOTE
Title Fallo comentado: CNCiv., sala C ~ 14/02/2023 ~ C. M. B. y otro c. B. N. E. y otro s/ alimentos.
505 ## - FORMATTED CONTENTS NOTE
Title ¿Te interesa el texto completo? Solicitalo al correo: koha@justierradelfuego.gov.ar
650 #0 - SUBJECT ADDED ENTRY--TOPICAL TERM
9 (RLIN) 967
Topical term or geographic name as entry element DERECHO DE FAMILIA
650 #0 - SUBJECT ADDED ENTRY--TOPICAL TERM
9 (RLIN) 974
Topical term or geographic name as entry element ADOPCIÓN
650 #0 - SUBJECT ADDED ENTRY--TOPICAL TERM
9 (RLIN) 4097
Topical term or geographic name as entry element INTERES SUPERIOR DEL NIÑO
650 #0 - SUBJECT ADDED ENTRY--TOPICAL TERM
Topical term or geographic name as entry element TUTELA JUDICIAL EFECTIVA
9 (RLIN) 3637
650 #0 - SUBJECT ADDED ENTRY--TOPICAL TERM
Topical term or geographic name as entry element DERECHOS DE LAS NIÑAS, NIÑOS Y ADOLESCENTES
9 (RLIN) 2741
773 0# - HOST ITEM ENTRY
Host Biblionumber 2713
Host Itemnumber 3170
Place, publisher, and date of publication Ciudad Autónoma de Buenos Aires : Thomson Reuters La Ley, 2015-
Title Revista Código Civil y Comercial. Nº 5 - Octubre 2023
942 ## - ADDED ENTRY ELEMENTS (KOHA)
Source of classification or shelving scheme
Koha item type Analítica Artículo de Revista

No hay ítems disponibles.

12 de Octubre 789 Ushuaia - Tel:  54(02901)441571
Horario de Atención: 8.00 a 17.00 hs. 
bibliotecaush@justierradelfuego.gov.ar
koha@justierradelfuego.gov.ar
Seguinos en nuestras redes @bibliojustdf 

Con tecnología Koha